<?xml version="1.0" encoding="UTF-8"?>
<collection xmlns="http://www.loc.gov/MARC21/slim">
 <record>
  <leader>01877nam a2200265 a 4500</leader>
  <controlfield tag="001">TVCDKTCT351</controlfield>
  <controlfield tag="003">Thư viện trường Cao đẳng Kỹ thuật Cao Thắng</controlfield>
  <controlfield tag="005">20220930102017.000</controlfield>
  <controlfield tag="008">050801</controlfield>
  <datafield tag="980" ind1="\" ind2="\">
   <subfield code="a">Thư viện Trường CĐ Kỹ Thuật Cao Thắng</subfield>
  </datafield>
  <datafield tag="024" ind1=" " ind2=" ">
   <subfield code="a">RG_1 #1 eb0 i1</subfield>
  </datafield>
  <datafield tag="041" ind1="0" ind2="#">
   <subfield code="a">vie</subfield>
  </datafield>
  <datafield tag="082" ind1="#" ind2="#">
   <subfield code="a">621.313 / </subfield>
   <subfield code="b">TR121H-gi</subfield>
  </datafield>
  <datafield tag="100" ind1="1" ind2="#">
   <subfield code="a">Trần Khánh Hà</subfield>
  </datafield>
  <datafield tag="245" ind1="0" ind2="0">
   <subfield code="a">Giáo trình thiết kế máy điện / </subfield>
   <subfield code="c">Trần Khánh Hà</subfield>
  </datafield>
  <datafield tag="250" ind1="#" ind2="#">
   <subfield code="a">In lần thứ 1</subfield>
  </datafield>
  <datafield tag="260" ind1="#" ind2="#">
   <subfield code="a">H. : </subfield>
   <subfield code="b">Đại học Bách khoa Tp.Hồ Chí Minh , </subfield>
   <subfield code="c">1980</subfield>
  </datafield>
  <datafield tag="300" ind1="#" ind2="#">
   <subfield code="a">424tr. ; </subfield>
   <subfield code="c">24cm</subfield>
  </datafield>
  <datafield tag="520" ind1="#" ind2="#">
   <subfield code="a">Tài liệu được biên soạn cho sinh viên ngành máy điện, sinh viên ngành điện và các kỹ sư điện. Giáo trình gồm 12 chương, 9 chương đầu đề cập những vấn đề cơ bản và tổng quát về thiết kế máy điện như cách xác định kích thước chủ yếu của máy điện, tính toán thông gió, tản nhiệt và tính toán cơ, 3 chương sau nêu lên phương pháp tính toán cụ thể ba loại máy điện quay thông dụng (máy một chiều, máy không đồng bộ và máy đồng bộ), có chú ý đến đặc điểm thiết kế các máy điện một chiều công suất lớn, các máy phát tuốcbin và hơi nước. Với mỗi loại máy đều có ví dụ cụ thể.</subfield>
  </datafield>
  <datafield tag="650" ind1="#" ind2="4">
   <subfield code="a">Máy điện</subfield>
  </datafield>
  <datafield tag="653" ind1="#" ind2="#">
   <subfield code="a">Electric Machines</subfield>
  </datafield>
  <datafield tag="653" ind1="#" ind2="#">
   <subfield code="a">Industrial Electrical Engineering</subfield>
  </datafield>
  <datafield tag="721" ind1="#" ind2="#">
   <subfield code="a">01. CNKT Điện - Điện tử</subfield>
  </datafield>
  <datafield tag="721" ind1="#" ind2="#">
   <subfield code="a">15. Điện công nghiệp</subfield>
  </datafield>
  <datafield tag="841" ind1="#" ind2="#">
   <subfield code="b">Kho Sách </subfield>
   <subfield code="j">100004009, 100004010, 100004258, 100004260, 100004261, 100004262</subfield>
  </datafield>
 </record>
</collection>
